| 000 | 00439pam a2200169 i 4500 | ||
|---|---|---|---|
| 020 | _a0030847141 | ||
| 040 | _cDLC | ||
| 082 | 0 | 0 | _a574 HOL 1975 A025 Or. |
| 100 | 1 | _aFranke, Robert G. | |
| 245 | 1 | 0 | _aMan and the changing environment / |
| 260 |
_aNew York : _bHolt, Rinehart and Winston, _c[1975] |
||
| 300 |
_avi, 442 p. : _bill. ; _c25 cm. |
||
| 650 | 0 | _aBiology. | |
| 650 | 0 | _aEcology. | |
| 700 | 1 | _aFranke, Dorothy N., | |
| 942 | _cEK | ||
| 999 |
_c13535 _d13535 |
||